| 000 | 00377nam a22001457a 4500 | ||
|---|---|---|---|
| 003 | OSt | ||
| 005 | 20251021072719.0 | ||
| 008 | 251021b |||||||| |||| 00| 0 eng d | ||
| 020 | _a9789966102379 | ||
| 040 | _cKENYA LITERATURE BUREAU | ||
| 050 | _aPL 8704 .N93 2016 | ||
| 245 |
_aMAISHA NA VIGEUGEU _cNYAMOHANGA, JOEL |
||
| 260 |
_aNAIROBI, KENYA _bKLB _c2016 |
||
| 942 |
_2lcc _cBK _n0 |
||
| 999 |
_c9646 _d9646 |
||